Top 10 Ghanaian Football Transfer Records - Statistics

General Stats
  • This quiz has been taken 135 times
    56 since last reset
  • The average score is 6 of 10
Answer Stats
Rank Name Joined Left Season Fee % Correct
2 Thomas Partey Arsenal FC Atlético de Madrid 20/21 €50.00m
98%
1 Mohammed Kudus Tottenham Hotspur West Ham United 25/26 €63.80m
94%
3 Mohammed Kudus West Ham United Ajax Amsterdam 23/24 €43.00m
94%
4 Michael Essien Chelsea FC Olympique Lyon 05/06 €38.00m
82%
9 André Ayew West Ham United Swansea City 16/17 €24.10m
61%
10 André Ayew Swansea City West Ham United 17/18 €22.80m
61%
6 Abdul Rahman Baba Chelsea FC FC Augsburg 15/16 €26.00m
43%
8 Kamaldeen Sulemana Southampton FC Stade Rennais FC 22/23 €25.00m
33%
5 Ernest Nuamah Olympique Lyon RWD Molenbeek 24/25 €28.50m
14%
7 Ernest Nuamah RWD Molenbeek FC Nordsjaelland 23/24 €25.00m
14%
No matching quizzes found
Score Distribution
Percent of People with Each Score
Percentile by Number Answered
Your Score History
You have not taken this quiz since the last reset